| 000 | 01513nam0a2200373 4500 | ||
|---|---|---|---|
| 001 | RU\NLR\bibl\535268 | ||
| 005 | 20250609152334.0 | ||
| 010 |
_a5-7107-8322-6 _914000 |
||
| 021 |
_aRU _b2004-31558 _91588 |
||
| 035 | _a(NLR Aleph) 000527547 | ||
| 090 |
_a1332274 _c1332274 |
||
| 100 | _a20040701d2004 |||y0rusy50 ca | ||
| 101 | 0 |
_arus _aeng |
|
| 102 | _aRU | ||
| 105 | _aa ||||||||| | ||
| 200 | 1 |
_aCambridge English for Schools in Russia _eУчеб. англ. яз. _eУровень 2 _fЭндрю Литтлджон, Диана Хикс _gПод ред. Ольги Виноградовой |
|
| 205 | _a4-е изд., стер. | ||
| 210 |
_aМ. _cДрофа _d2004 |
||
| 215 |
_a176 с. _cил., цв. ил. _d28 |
||
| 300 | _aНа обл.: Cambrige English for schools in Russia: Student's book two/ Andrew Littlejohn, Diana Hicks | ||
| 300 | _aНа тит. л. в вых. дан.: Cambridge Univ. press | ||
| 512 | 1 |
_6z22790 _aCambrige English for schools in Russia _eStudent's book two |
|
| 606 | 0 |
_aАнглийский язык _jУчебники для специализированных школ _9972309 _3RU\NLR\auth\6646032 |
|
| 686 | _aШ143.21-93рус221 | ||
| 700 | 1 |
_aЛиттлджон _bЭ. _gЭндрю _4070 |
|
| 701 | 1 |
_aХикс _bД. _gДиана _4070 |
|
| 790 | 1 |
_6z22 _aLittlejohn _bA. _gAndrew _4070 |
|
| 790 | 1 |
_6z22 _aHicks _bD. _gDiana _4070 |
|
| 801 | 0 |
_aRU _bNLR _c20040701 _gPSBO |
|
| 801 | 1 |
_aRU _bNLR _c20040701 |
|
| 942 | _cBOOK | ||
| 980 | _aNB | ||